| 000 | 00821cam a2200253 i 4500 | ||
|---|---|---|---|
| 001 | 1350666906 | ||
| 003 | OSt | ||
| 005 | 20250428132404.0 | ||
| 008 | 221112s2022 sz a ob 001 0 eng d | ||
| 020 | _z9783030959937 (hardcover) | ||
| 024 | 7 | _cUSD83.00 | |
| 040 |
_aYDX _beng _erda _epn _cYDX _dNUST |
||
| 050 | 4 | _aQ327 FIE | |
| 100 | 1 |
_aFieguth, Paul, _eauthor |
|
| 245 | 1 | 3 |
_aAn introduction to pattern recognition and machine learning / _cPaul Fieguth |
| 300 |
_axxii, 471 pages : _billustrations, _c24 cm. |
||
| 336 |
_atext _btxt _2rdacontent |
||
| 337 |
_acomputer _bc _2rdamedia |
||
| 338 |
_aonline resource _bcr _2rdacarrier |
||
| 504 | _aIncludes bibliographical references and index | ||
| 650 | 0 | _xPattern perception. | |
| 650 | 0 | _xMachine learning. | |
| 942 |
_2lcc _cBOOKS _hQ327 FIE _kQ _mFIE _n0 |
||
| 999 |
_c171699 _d171699 |
||